[Event "Tres Cantos op 11th"]
[Site "Tres Cantos"]
[Date "2019.06.28"]
[Round "7"]
[White "Solaesa Navalpotro, Luis Julio"]
[Black "Garcia Pumarega, Alejandro"]
[Result "1-0"]
[WhiteElo "2251"]
[BlackElo "1900"]
[PlyCount "53"]
[EventDate "2019.06.22"]
[EventType "swiss"]
[EventRounds "9"]
[EventCountry "ESP"]
[SourceTitle "CBM 195 Extra"]
[Source "ChessBase"]
[SourceDate "2020.05.31"]
[SourceVersion "1"]
[SourceVersionDate "2020.05.31"]
[SourceQuality "1"]

1. d4 Nf6 2. c4 g6 3. Nc3 Bg7 4. Nf3 0-0 5. g3 d6 6. Bg2 Nbd7 7. 0-0 e5 8. e4 c6 9. h3 Qc7 10. Re1 Re8 11. Qc2 Nf8 12. Be3 Nh5 13. Rad1 f5 14. c5 exd4 15. cxd6 Qxd6 16. Nxd4 Qf6 17. exf5 gxf5 18. Qe2 Qf7 19. Qf3 Be6 20. Bf1 Bxd4 21. Rxd4 Rad8 22. Rxd8 Rxd8 23. Bxa7 Ra8 24. Bd4 Bxa2 25. Nxa2 Rxa2 26. Qc3 Ra4 27. b3 1-0

[Event "Tres Cantos op 11th"]
[Site "Tres Cantos"]
[Date "2019.06.27"]
[Round "6"]
[White "Garcia Pumarega, Alejandro"]
[Black "Tevar Sanz, Gonzalo"]
[Result "1-0"]
[WhiteElo "1900"]
[BlackElo "1753"]
[PlyCount "123"]
[EventDate "2019.06.22"]
[EventType "swiss"]
[EventRounds "9"]
[EventCountry "ESP"]
[SourceTitle "CBM 195 Extra"]
[Source "ChessBase"]
[SourceDate "2020.05.31"]
[SourceVersion "1"]
[SourceVersionDate "2020.05.31"]
[SourceQuality "1"]

1. c4 c6 2. g3 d5 3. Bg2 Nf6 4. Nf3 e6 5. 0-0 Be7 6. d4 dxc4 7. Qc2 b5 8. Ne5 Bb7 9. Rd1 Qc8 10. b3 cxb3 11. axb3 0-0 12. Na3 a6 13. Bd2 Rd8 14. Ba5 Re8 15. Rdc1 Nd5 16. e4 Nf6 17. f4 Bd8 18. Bxd8 Rxd8 19. Qf2 Nbd7 20. Nxc6 Bxc6 21. d5 exd5 22. exd5 Nb8 23. dxc6 Ng4 24. Qf3 Qc7 25. Qxg4 b4 26. Nc4 Nxc6 27. Bxc6 Qxc6 28. Rd1 Re8 29. Ra5 Re4 30. Re5 Rxe5 31. fxe5 a5 32. Qd7 Qc5+ 33. Qd4 Qc7 34. Qb6 Qe7 35. Qc6 Rd8 36. Rxd8+ Qxd8 37. Qd6 Qc8 38. Nb6 Qe8 39. Qc5 Qd8 40. Qd6 Qe8 41. Nc4 Qa8 42. e6 fxe6 43. Qxe6+ Kh8 44. Qb6 h6 45. Qxa5 Qe4 46. Qxb4 Qb1+ 47. Kf2 Qc2+ 48. Nd2 Qf5+ 49. Nf3 Qc2+ 50. Ke3 Qc1+ 51. Nd2 Qg1+ 52. Kd3 Qxh2 53. Qf8+ Kh7 54. Qf4 g5 55. Qf3 Qh3 56. g4 Qh2 57. Qe4+ Kg7 58. b4 h5 59. b5 Qg3+ 60. Kc4 h4 61. b6 h3 62. Nf1 1-0

[Event "Tres Cantos op 11th"]
[Site "Tres Cantos"]
[Date "2019.06.23"]
[Round "2"]
[White "Lizon Martinez, Santiago"]
[Black "Garcia Pumarega, Alejandro"]
[Result "0-1"]
[WhiteElo "1739"]
[BlackElo "1900"]
[PlyCount "52"]
[EventDate "2019.06.22"]
[EventType "swiss"]
[EventRounds "9"]
[EventCountry "ESP"]
[SourceTitle "CBM 195 Extra"]
[Source "ChessBase"]
[SourceDate "2020.05.31"]
[SourceVersion "1"]
[SourceVersionDate "2020.05.31"]
[SourceQuality "1"]

1. e4 e5 2. Nf3 Nc6 3. Bb5 a6 4. Ba4 Nf6 5. d3 Bc5 6. 0-0 d6 7. c3 0-0 8. Bg5 b5 9. Bc2 Bb6 10. a4 b4 11. Nbd2 Be6 12. Re1 bxc3 13. bxc3 Ba5 14. d4 Bxc3 15. d5 Bxa1 16. Qxa1 Nb4 17. Qc3 Nxc2 18. Qxc2 Bd7 19. Rc1 h6 20. Bh4 Qe7 21. Nc4 Rfc8 22. Na5 Rab8 23. Nc6 Bxc6 24. Bxf6 Qxf6 25. Qxc6 Rb6 26. Qc4 c5 0-1

[Event "Tres Cantos op 10th"]
[Site "Tres Cantos"]
[Date "2018.06.26"]
[Round "6.47"]
[White "Diaz del Prado, Carlos"]
[Black "Garcia Pumarega, Alejandro"]
[Result "0-1"]
[WhiteElo "1306"]
[BlackElo "1630"]
[PlyCount "40"]
[EventDate "2018.06.21"]
[EventType "swiss"]
[EventRounds "9"]
[EventCountry "ESP"]
[SourceTitle "EXT 2024"]
[Source "ChessBase"]
[SourceDate "2023.10.10"]
[SourceVersion "1"]
[SourceVersionDate "2023.10.10"]
[SourceQuality "1"]

1. b3 e5 2. Bb2 Nc6 3. e3 d5 4. Bb5 Bd6 5. Nf3 Qe7 6. 0-0 Nf6 7. Nc3 a6 8. Be2 Be6 9. d3 h6 10. h3 0-0 11. Re1 Nh7 12. a4 f5 13. d4 e4 14. Nd2 f4 15. exf4 Bxf4 16. Ba3 Qg5 17. Bg4 Bxg4 18. Qxg4 Qxg4 19. hxg4 Bxd2 20. Bxf8 Bxc3 0-1

[Event "Madrid-ch U14"]
[Site "Madrid"]
[Date "2018.04.15"]
[Round "3"]
[White "Garcia Pumarega, Alejandro"]
[Black "Estevez Sacristan, Deva"]
[Result "0-1"]
[WhiteElo "1696"]
[BlackElo "1811"]
[PlyCount "94"]
[EventDate "2018.04.14"]
[EventType "swiss"]
[EventRounds "6"]
[EventCountry "ESP"]
[SourceTitle "EXT 2019"]
[Source "ChessBase"]
[SourceDate "2018.10.10"]
[SourceVersion "1"]
[SourceVersionDate "2018.10.10"]
[SourceQuality "1"]

1. e4 e6 2. d4 d5 3. exd5 exd5 4. Bd3 Bd6 5. Nf3 Ne7 6. 0-0 0-0 7. Re1 Nbc6 8. c3 Bf5 9. Qc2 Qd7 10. Be3 Rfe8 11. Nbd2 Bxd3 12. Qxd3 Nf5 13. Nf1 Bf8 14. Bf4 f6 15. Ng3 Nd6 16. Bxd6 Bxd6 17. Nf5 Bf8 18. Ne3 Re4 19. Nd2 Re6 20. Nc2 Rae8 21. Rxe6 Rxe6 22. Re1 Bd6 23. Rxe6 Qxe6 24. Qe3 Qg4 25. Qe8+ Bf8 26. Ne3 Qg6 27. Qxg6 hxg6 28. Nxd5 Bd6 29. Nc4 Kf7 30. Nxd6+ cxd6 31. Ne3 f5 32. f4 Kf6 33. h4 Nb8 34. Kf2 Ke6 35. Kf3 Nd7 36. g4 Nf6 37. g5 Ne4 38. Nf1 Kd5 39. Ke3 b5 40. Nd2 Nxd2 41. Kxd2 Ke4 42. Ke2 Kxf4 43. a4 a6 44. axb5 axb5 45. Kf2 d5 46. b3 Ke4 47. c4 dxc4 0-1

[Event "Madrid-ch U14"]
[Site "Madrid"]
[Date "2018.04.14"]
[Round "1"]
[White "Guillo Longares, Cecilia"]
[Black "Garcia Pumarega, Alejandro"]
[Result "1-0"]
[WhiteElo "1989"]
[BlackElo "1696"]
[PlyCount "103"]
[EventDate "2018.04.14"]
[EventType "swiss"]
[EventRounds "6"]
[EventCountry "ESP"]
[SourceTitle "EXT 2019"]
[Source "ChessBase"]
[SourceDate "2018.10.10"]
[SourceVersion "1"]
[SourceVersionDate "2018.10.10"]
[SourceQuality "1"]

1. d4 Nf6 2. c4 g6 3. Nf3 Bg7 4. g3 0-0 5. Bg2 d6 6. 0-0 Nbd7 7. Nc3 c5 8. d5 a6 9. Bf4 Nh5 10. Bc1 Nhf6 11. Qc2 Qc7 12. Bf4 Ne5 13. b3 Nfd7 14. Qd2 Re8 15. Rac1 Nxf3+ 16. Bxf3 Ne5 17. Bg2 Bd7 18. Bh6 Bh8 19. h3 Bc8 20. Kh2 Nd7 21. a3 Nf6 22. Qd3 Bd7 23. b4 b6 24. Nb1 a5 25. b5 Bg7 26. Bxg7 Kxg7 27. e4 Ng8 28. f4 f6 29. Rce1 Nh6 30. Qc3 Rad8 31. Nd2 Nf7 32. Nf3 Nh6 33. g4 Ng8 34. e5 Bc8 35. Kh1 Qb7 36. e6 Qc7 37. Ng5 Bb7 38. f5 h6 39. Nf3 Rc8 40. fxg6 Rb8 41. g5 hxg5 42. Nxg5 Rbc8 43. Rf4 Nh6 44. Nf7 Rh8 45. Rh4 Qb8 46. Be4 Rce8 47. Qg3 Reg8 48. Rxh6 Rxh6 49. Nxh6 Kxh6 50. Qh4+ Kg7 51. Qh7+ Kf8 52. Qf7# 1-0

[Event "Tres Cantos op 9th"]
[Site "Tres Cantos"]
[Date "2017.06.22"]
[Round "1"]
[White "Garcia Pumarega, Alejandro"]
[Black "Fernandez Aransay, Fernando"]
[Result "1/2-1/2"]
[WhiteElo "1405"]
[BlackElo "1887"]
[PlyCount "43"]
[EventDate "2017.06.22"]
[EventType "swiss"]
[EventRounds "9"]
[EventCountry "ESP"]
[SourceTitle "EXT 2019"]
[Source "ChessBase"]
[SourceDate "2018.10.10"]
[SourceVersion "1"]
[SourceVersionDate "2018.10.10"]
[SourceQuality "1"]

1. e4 c5 2. Nf3 d6 3. d4 cxd4 4. Nxd4 Nf6 5. Nc3 g6 6. Be3 Bg7 7. f3 0-0 8. Qd2 Nc6 9. g4 Bxg4 10. fxg4 Nxg4 11. Nxc6 bxc6 12. Be2 Nxe3 13. Qxe3 Qa5 14. 0-0-0 Rab8 15. Bc4 Qb4 16. Bb3 a5 17. Qd3 Bxc3 18. Qxc3 a4 19. Bc4 e6 20. Qxb4 Rxb4 21. b3 axb3 22. axb3 1/2-1/2

[Event "Madrid San Viator op-B 27th"]
[Site "Madrid"]
[Date "2016.11.06"]
[Round "7"]
[White "Garcia Pumarega, Alejandro"]
[Black "Gallego Romero, Manuel"]
[Result "0-1"]
[WhiteElo "1315"]
[BlackElo "1435"]
[PlyCount "86"]
[EventDate "2016.09.25"]
[EventType "swiss"]
[EventRounds "9"]
[EventCountry "ESP"]
[SourceTitle "EXT 2019"]
[Source "ChessBase"]
[SourceDate "2018.10.10"]
[SourceVersion "1"]
[SourceVersionDate "2018.10.10"]
[SourceQuality "1"]

1. e4 e5 2. Nf3 Nc6 3. Bb5 a6 4. Ba4 b5 5. Bb3 d6 6. 0-0 h6 7. c3 Nf6 8. d4 Bd7 9. Bc2 Be7 10. Re1 0-0 11. Nbd2 Re8 12. h3 Bf8 13. Nf1 Na5 14. Ng3 c5 15. dxc5 dxc5 16. b3 Qc7 17. Ba3 Rad8 18. Qe2 c4 19. Bxf8 Kxf8 20. bxc4 Nxc4 21. Bd3 Be6 22. Bxc4 Bxc4 23. Qb2 Rd3 24. Nd2 Qa7 25. Nxc4 bxc4 26. Qb4+ Kg8 27. Qxc4 Rxg3 28. Rad1 Rg6 29. Rd6 Kh7 30. Rxa6 Qb7 31. Rc6 Qd7 32. Rc7 Qxh3 33. g3 Ng4 34. Qxf7 Nxf2 35. Qxe8 Qxg3+ 36. Kf1 Nd3 37. Ke2 Nxe1 38. Rc8 Rf6 39. Qh8+ Kg6 40. Qe8+ Kg5 41. Kd2 Rf2+ 42. Kc1 Nd3+ 43. Kb1 Qg1# 0-1